01487nam a22003617a 4500003000500000005001700005008004100022010001000063011001000073035001000083040000900093090001000102100003800112245008400150260004000234300000900274502005900283590003700342590004100379590004100420590004200461650005300503650003200556901000700588942000900595949003500604949004000639949004000679999001700719952013100736952013100867952012700998CHAP20220329135012.0971013s1946 mx r 00010 spa d a29350 a30322 a34434 cCHAP aTesis00aContreras Soto, Fortunato.9275401 aBreve reseña agrícola monográfico de los principales cultivos sinaloences aChapingo, Méx. :bEl autor,c1946 a48 h aTesis (Ing. Agr. Esp. en Economía Agrícola) -- ENA aALEPHb10c20130110lUCH01h1251 aBATCH-UPDb10c20130110lUCH01h1142 aBATCH-UPDb10c20130410lUCH01h0728 aCONVERSIONb10c20130109lUCH01h131714aAgriculturaxAspectos economicosxSinaloa.9129214aAgriculturaxSinaloa.91794 aBK cFOLL bBCcTESd-79712eTS1i34434si bBCcTESd-79714eTS2fc.2i34434si bBCcTESd-79715eTS2fc.3i34434si c29350d29350 00102local4053708TESISaBCbBCcPA_TESISd2012-12-17fFOLLl0oTesisp-79714r2019-12-31 00:00:00tc.2w2019-12-31yTESIS 00102local4053708TESISaBCbBCcPA_TESISd2012-12-17fFOLLl0oTesisp-79715r2019-12-31 00:00:00tc.3w2019-12-31yTESIS 00102local4051708TESISaBCbBCcPA_TESISd2012-12-17fTESISl0oTesisp-79712r2019-12-31 00:00:00w2019-12-31yTESIS